00853cam a22002535a 4500001000800000005001700008008004100025020001500066020001500081040003300096082001900129100004600148245006100194260003600255300003400291504005100325650003400376650003500410651001000445653002000455942000800475999001700483952009900500325639520201124142315.0801023s1977 enka frb 001 0 eng d a0713159243 a0713159251 aDLCcDLCdDLCdEG-ScBUEbeng04a304.2222bSMI1 aSmith, David M.q(David Marshall),d1936-10aHuman geography :ba welfare approach /cDavid M. Smith. aLondon :bEdward Arnold,c1977. axii, 402 p. :bill. ;c24 cm. aIncludes bibliographical references and index. 7aSocial problems.2BUEsh95026 7aHuman geography.2BUEsh924253 2BUEsh bGGENcMarch2018 2ddc c26346d26318 00102ddc4070aMAINbMAINc1STd2018-03-19l0o304.2 SMIp000047447r2025-07-15 00:00:00yBB